| 000 | 00832nam a22001577a 4500 | ||
|---|---|---|---|
| 003 | OSt | ||
| 005 | 20151024102509.0 | ||
| 008 | 151024b xxu||||| |||| 00| 0 eng d | ||
| 040 | _cRUA | ||
| 082 | _aAVM MET 2012 B0101 Or.1 | ||
| 100 |
_92742 _aMETH MEANIT |
||
| 245 | _aEffect of biomin p.e.p 1000 supplement in concentrated feed on growth performance of on quail in animal station's Rua, (ឥទ្ធិពលនៃការបន្ថែម Biomin p.e.p ១០០០ក្នុងចំណីផ្សំលើការលូតលាស់របស់ក្រួចសាច់ នៅស្ថានីយ៍ចិញ្ចឹមសត្វ នៃសាកលវិទ្យាល័យភូមិន្ទកសិកម្ម) | ||
| 260 |
_aPhnom Penh _bRua _c2012 |
||
| 300 |
_ax, 43p. _bill. _c29cm. |
||
| 942 |
_2ddc _cAVM |
||
| 999 |
_c2565 _d2565 |
||